LIBRARY & INFORMATION CENTRE, KCAET, TAVANUR

ONLINE PUBLIC ACCESS CATALOGUE (OPAC)

Design and construction of an economic type large capacity roof water storage for household consumption (Record no. 15136)

MARC details
000 -LEADER
fixed length control field 00910nam a22002297a 4500
003 - CONTROL NUMBER IDENTIFIER
control field OSt
088 ## - REPORT NUMBER
Report number P 200
100 ## - MAIN ENTRY--AUTHOR NAME
Personal name AKARSH A
245 ## - TITLE STATEMENT
Title Design and construction of an economic type large capacity roof water storage for household consumption
260 ## - PUBLICATION, DISTRIBUTION, ETC. (IMPRINT)
Place of publication Tavanur 2009
Name of publisher Kelappaji College of Agricultural Engineering and Technology
300 ## - PHYSICAL DESCRIPTION
Number of Pages 72
500 ## - GENERAL NOTE
General note Design and construction of an economic type large capacity roof water storage for household consumption
520 ## - SUMMARY, ETC.
Summary, etc Design and construction of an economic type large capacity roof water storage for household consumption
700 ## - ADDED ENTRY--PERSONAL NAME
Personal name Kiran V. S
700 ## - ADDED ENTRY--PERSONAL NAME
Personal name Neethu S
700 ## - ADDED ENTRY--PERSONAL NAME
Personal name Rasmi V. K
700 ## - ADDED ENTRY--PERSONAL NAME
Personal name Suman George
700 ## - ADDED ENTRY--PERSONAL NAME
Personal name Er. Renukakumari J (Guide)
856 ## - ELECTRONIC LOCATION AND ACCESS
Uniform Resource Identifier https://drive.google.com/open?id=1P3q28FO0_3643yDJ6rSRoGvgk1e_tz6y
942 ## - ADDED ENTRY ELEMENTS (KOHA)
Koha item type Project Report
Holdings
Collection code Home library Current library Shelving location Full call number Accession Number Koha item type
Reference KAUAET KAUAET Reference 631.75807 AKA/DE P 200 Project Report
free website counter